000
00333nam a22001337a 4500
999
_c
54978
_d
54978
008
200203b ||||| |||| 00| 0 eng d
041
_a
eng
080
_a
043.3
082
_a
043.3
100
_a
0
101
_a
BTH
245
_a
Rigjenerimi përbrenda mureve Antike në qytetin e vjetër të Kotorrit
_c
Ahmeti,A
942
_2
udc
_c
BK